| 000 | 00662nam a2200241Ia 4500 | ||
|---|---|---|---|
| 003 | OSt | ||
| 005 | 20220924125233.0 | ||
| 006 | a|||||r|||| 00| 0 | ||
| 007 | ta | ||
| 008 | 220923b |||||||| |||| 00| 0 mar d | ||
| 024 | _a266431 | ||
| 037 | _cTextual | ||
| 040 |
_aARTS _cARTS _bmar |
||
| 041 |
_2mar _amar |
||
| 082 | _aO155:g, N0 | ||
| 100 | _aDhayagude Suresh | ||
| 245 | 0 | _aPashachataya sahityashastra sidhant aani sankalpna | |
| 260 |
_aPune _bNirbhya Prakashan India _c1990 |
||
| 300 |
_a246p. _ccm. |
||
| 650 |
_aMARATHI LITERATURE _938000 |
||
| 942 |
_hO155:g, N0 _cTEXL _2CC |
||
| 999 |
_c422204 _d422204 |
||